Business Communication (Record no. 865)

MARC details
000 -LEADER
Fixed length control field 00439nam a2200169 4500
003 - CONTROL NUMBER IDENTIFIER
Control field SEACOMMC
005 - DATE AND TIME OF LATEST TRANSACTION
Control field 20250426131743.0
008 - FIXED-LENGTH DATA ELEMENTS--GENERAL INFORMATION
Fixed length control field 241213b |||||||| |||| 00| 0 eng d
020 ## - INTERNATIONAL STANDARD BOOK NUMBER / ISBN
International Standard Book Number 978-81-8052-236-9
Price Rs.250.00
040 ## - CATALOGING SOURCE
Original cataloging agency SEACOMMC
082 ## - DEWEY DECIMAL CLASSIFICATION NUMBER
Classification number 428.2
Book Number B 575
100 ## - MAIN ENTRY--PERSONAL NAME
Personal name Bhatia, R.C
245 1# - TITLE STATEMENT
Title Business Communication
Statement of responsibility R.C Bhatia
260 ## - IMPRINT
Place of publication Kolkata
Name of publisher Ane Books
Date of publication 2006
650 ## - SUBJECT ADDED ENTRY--TOPICAL TERM
Topical term Business communication
942 ## - ADDED ENTRY ELEMENTS (KOHA)
Koha item type Books
Holdings
Withdrawn status Lost status Source of classification Damaged status Not for loan Home library Current library Shelving location Date acquired Total Checkouts Call number Accession number Date last seen Price effective from Koha item type Copy number
    Dewey Decimal Classification     SEACOM MANAGEMENT COLLEGE SEACOM MANAGEMENT COLLEGE Reference 06/12/2007   428.2 B 575 M-1163 13/12/2024 13/12/2024 Books  
    Dewey Decimal Classification     SEACOM MANAGEMENT COLLEGE SEACOM MANAGEMENT COLLEGE   06/12/2007   428.2 B 575 M-1164 13/12/2024 13/12/2024 Books 1
    Dewey Decimal Classification     SEACOM MANAGEMENT COLLEGE SEACOM MANAGEMENT COLLEGE   06/12/2007   428.2 B 575 M-1165 13/12/2024 13/12/2024 Books 2
© Seacom Engineering College, All rights reserved.    Powered by Koha